Normal view
MARC view
Entry Personal Name
001 - CONTROL NUMBER
- control field: 11174
003 - CONTROL NUMBER IDENTIFIER
- control field: OSt
005 - DATE AND TIME OF LATEST TRANSACTION
- control field: 20161011141352.0
008 - FIXED-LENGTH DATA ELEMENTS
- fixed length control field: 161011|| aca||aabn | a|a d
040 ## - CATALOGING SOURCE
- Original cataloging agency: OSt
- Transcribing agency: OSt
100 ## - HEADING--PERSONAL NAME
- Personal name: Ward, Anthony B. [et....al]
670 ## - SOURCE DATA FOUND
- Source citation: Work cat.: (OSt): Ward, Anthony B. [et....al], Oxford Handbook of Clinical Rehabilitation
